Fish By Picture Trivia [Hard] - Statistics

General Stats
  • This quiz has been taken 81 times
  • The average score is 8 of 16
Answer Stats
Picture Answer % Correct
Goldfish
95%
Koi
86%
Carp
75%
Whale Shark
71%
Betta
70%
Sturgeon
70%
Pufferfish
64%
Grouper
46%
Sunfish
41%
Zebra Turkeyfish
34%
Crappie
32%
Pike
30%
Yellow Perch
29%
Blowfish
21%
King Salmon
9%
Char
5%
No matching quizzes found
Score Distribution
Percent of People with Each Score
Percentile by Number Answered
Your Score History
You have not taken this quiz